| 000 -LEADER |
| fixed length control field |
00684nam a2200229 4500 |
| 003 - CONTROL NUMBER IDENTIFIER |
| control field |
1622 |
| 005 - DATE AND TIME OF LATEST TRANSACTION |
| control field |
20190513160051.0 |
| 008 - FIXED-LENGTH DATA ELEMENTS--GENERAL INFORMATION |
| fixed length control field |
130622s1993 |
| 040 ## - CATALOGING SOURCE |
| Transcribing agency |
H12O |
| 041 ## - LANGUAGE CODE |
| Language code of text/sound track or separate title |
eng |
| 110 ## - MAIN ENTRY--CORPORATE NAME |
| 9 (RLIN) |
7820 |
| Corporate name or jurisdiction name as entry element |
National Institutes of Health |
| 245 10 - TITLE STATEMENT |
| Title |
Cancer Prevention |
| Statement of responsibility, etc |
/ National Institutes of Health, National Cancer Institute. |
| 260 ## - PUBLICATION, DISTRIBUTION, ETC. (IMPRINT) |
| Place of publication, distribution, etc |
[s. l.] : |
| Name of publisher, distributor, etc |
National Cancer Institute, |
| Date of publication, distribution, etc |
1982-1992. |
| 300 ## - PHYSICAL DESCRIPTION |
| Extent |
64 p. ; |
| Dimensions |
28 cm. |
| 490 ## - SERIES STATEMENT |
| Series statement |
Measures of Progress against Cancer |
| Volume number/sequential designation |
; 4 |
| 650 #0 - SUBJECT ADDED ENTRY--TOPICAL TERM |
| Topical term or geographic name as entry element |
Cáncer |
| 9 (RLIN) |
1793 |
| 650 #0 - SUBJECT ADDED ENTRY--TOPICAL TERM |
| Topical term or geographic name as entry element |
Oncología médica |
| 9 (RLIN) |
2425 |
| 650 #0 - SUBJECT ADDED ENTRY--TOPICAL TERM |
| Topical term or geographic name as entry element |
Prevención y control |
| 9 (RLIN) |
426 |
| 650 #0 - SUBJECT ADDED ENTRY--TOPICAL TERM |
| Topical term or geographic name as entry element |
Congresos |
| 9 (RLIN) |
132 |
| 710 ## - ADDED ENTRY--CORPORATE NAME |
| 9 (RLIN) |
7745 |
| Corporate name or jurisdiction name as entry element |
National Cancer Institute |
| 942 ## - ADDED ENTRY ELEMENTS (KOHA) |
| Source of classification or shelving scheme |
|
| Item type |
Libro |